000 01101nam a22003377a 4500
003 CHAP
005 20220329141522.0
008 971013s1985 r 00010 d
010 _a69443
011 _a70415
035 _a79896
040 _cCHAP
090 _aFolleto 12379
110 _aPrograma de las Naciones Unidas para el Medio Ambiente
_992307
245 _aEnvironmental law in the United Nations Environment Programme
260 _aNairobi, Kenya :
_bPNUMA,
_c1985
300 _a34 p.
500 _a34-97
590 _aBATCH-UPD
_b10
_c20130110
_lUCH01
_h0039
590 _aBATCH-UPD
_b10
_c20130110
_lUCH01
_h1933
590 _aBATCH-UPD
_b10
_c20130409
_lUCH01
_h2024
590 _aBATCH-UPD
_b10
_c20130410
_lUCH01
_h1258
590 _aBATCH-UPD
_b10
_c20130914
_lUCH01
_h1228
590 _aCONVERSION
_b10
_c20130109
_lUCH01
_h1338
650 1 4 _aEcología
_xLeyes.
_935149
650 1 4 _aMedio ambiente
_xProtección.
_974106
901 _aBK
942 _cFOLL
949 _aFolleto 12379
_bBC
_cFOLL
_d-32786
_eTS1
_i79896
_si
949 _aFolleto 12379
_bBC
_cFOLL
_d-98530
_eTS2
_fc.2
_i79896
_si
999 _c69443
_d69443